| 000 | 00713nam a2200229Ia 4500 | ||
|---|---|---|---|
| 001 | 8980 | ||
| 003 | GE_BSU | ||
| 008 | 181216s||||||||xx |||||||||||||| ||und|| | ||
| 040 | _cGE_BSU | ||
| 080 | _a821.353.1–1 | ||
| 100 | _aკეშელავა,ბონდო | ||
| 245 | _aრჩეული | ||
| 245 | _bლექსები | ||
| 245 | _cრედ.ი.ხოშტარია,მხატვ.დ.გრიგოლია | ||
| 260 | _aთბილისი | ||
| 260 | _bსაბჭოთა საქართველო | ||
| 260 | _c1973 | ||
| 300 | _a281გვ.1ფ.პორტრეტი.20სმ. | ||
| 653 | _aლექსები | ||
| 653 | _aრჩეული | ||
| 942 | _cBK | ||
| 999 |
_c42285 _d42285 |
||